Statistics for 5 Seconds Of Summer Song titles

Click here to take the quiz!

General Stats

  • This quiz has been taken 552 times
  • The average score is 13 of 20

Answer Stats

HintAnswer% Correct
Jet _____ _____Jet black heart
99%
She _____ so _______She look's so perfect
99%
____ stopDont stop
95%
______ dollVoodoo doll
91%
_818
85%
Hey _________Hey everybody
85%
__________ girlHeartbreak girl
84%
Everything _ _____ ___Everything i didnt say
83%
___ hardTry hard
81%
G___ G____Good girls
79%
M___yMoney
71%
____ ___ homeLong way home
67%
A______Amnesia
65%
____ _ ____ about youWhat I like about you
58%
___ awayFly away
56%
K___ __ ____ __Kiss me kiss me
48%
R______Rejects
27%
D___________Disconnected
25%
____ _____ ___Shes kinda hot
17%
________ ________Permenant vacation
0%

Score Distribution

Percentile by Number Answered

Percent of People with Each Score

Your Score History

You have not taken this quiz